MAASAI MARA UNIVERSITY

LIBRARY CATALOGUE

Contact Us: +254 020 2685356/7 or 0774 057787

Box: 861-20500, NAROK, KENYA

Email: info@mmarau.ac.ke

Park planning handbook : (Record no. 16799)

MARC details
000 -LEADER
fixed length control field 00915cam a2200253 i 4500
001 - CONTROL NUMBER
control field 1291290
003 - CONTROL NUMBER IDENTIFIER
control field OSt
005 - DATE AND TIME OF LATEST TRANSACTION
control field 20211201025246.0
008 - FIXED-LENGTH DATA ELEMENTS--GENERAL INFORMATION
fixed length control field 761203s1977 nyua b 001 0 eng
010 ## - LIBRARY OF CONGRESS CONTROL NUMBER
LC control number 76051844
020 ## - INTERNATIONAL STANDARD BOOK NUMBER
International Standard Book Number 0471156191
040 ## - CATALOGING SOURCE
Original cataloging agency MMU
Transcribing agency MMU
Modifying agency MMU
Language of cataloging eng
050 00 - LIBRARY OF CONGRESS CALL NUMBER
Classification number SB481
Item number .C53
082 00 - DEWEY DECIMAL CLASSIFICATION NUMBER
Classification number 711/.558
100 1# - MAIN ENTRY--PERSONAL NAME
Personal name Christiansen, Monty L.,
Dates associated with a name 1941-
245 10 - TITLE STATEMENT
Title Park planning handbook :
Remainder of title fundamentals of physical planning for parks and recreation areas /
Statement of responsibility, etc. Monty L. Christiansen ; ill. by James R. DeTuerk ; Wiley consulting editors, Tony A. Mobley, Justus J. Schifferes, Clinton H. Strong.
260 ## - PUBLICATION, DISTRIBUTION, ETC. (IMPRINT)
Place of publication, distribution, etc. New York :
Name of publisher, distributor, etc. Wiley,
Date of publication, distribution, etc. c1977.
300 ## - PHYSICAL DESCRIPTION
Extent xiv, 413 p. :
Other physical details ill. ;
Dimensions 26 cm.
504 ## - BIBLIOGRAPHY, ETC. NOTE
Bibliography, etc Includes bibliographies and indexes.
650 #0 - SUBJECT ADDED ENTRY--TOPICAL TERM
Topical term or geographic name as entry element Parks
General subdivision Planning.
650 #0 - SUBJECT ADDED ENTRY--TOPICAL TERM
Topical term or geographic name as entry element Recreation areas
General subdivision Planning.
906 ## - LOCAL DATA ELEMENT F, LDF (RLIN)
a 7
b cbc
c orignew
d 1
e ocip
f 19
g y-gencatlg
942 ## - ADDED ENTRY ELEMENTS (KOHA)
Source of classification or shelving scheme Library of Congress Classification
Koha item type L
Holdings
Withdrawn status Lost status Source of classification or shelving scheme Damaged status Not for loan Home library Current library Date acquired Source of acquisition Total Checkouts Full call number Barcode Date last seen Price effective from Koha item type
    Library of Congress Classification     Maasai Mara University Library -Main Campus Maasai Mara University Library -Main Campus 03/29/2016 Donation   SB481 .C53 1977 201210007 03/29/2016 03/29/2016 L
© 2016 Maasai Mara University.